Ecosystems and human well-being : (Registro nro. 5499)
[ vista simple ]
| 000 -CABECERA | |
|---|---|
| Campo de control | 01381cam a22002294a 4500 |
| 005 - FECHA Y HORA DE LA ULTIMA TRANSACCION | |
| Campo de control | 20180803165258.0 |
| 008 - ELEMENTOS DE LONGITUD FIJA—INFORMACION GENERAL | |
| Campo de control | 050506s2005 dcua 000 0 eng |
| 020 ## - ISBN | |
| ISBN | 1569735883 |
| 040 ## - FUENTE DE CATALOGACIÓN | |
| Agencia catalogadora original | DLC |
| Agencia transcriptora | DLC |
| Agencia Modificadora | CO-BoIAVH |
| 041 0# - IDIOMA | |
| Código de idioma para texto/pista de sonido o título separado | Inglés |
| 042 ## - AUTHENTICATION CODE | |
| Authentication code | pcc |
| 082 04 - NUMERO DE CLASIFICACION DECIMAL DEWEY | |
| Número de clasificación | 333.9516 |
| Número del ítem | W92e |
| 245 00 - MENCION DE TITULO | |
| Título | Ecosystems and human well-being : |
| Parte restante del título | biodiversity synthesis. |
| 260 ## - PUBLICACION, DISTRIBUCION, ETC. (PIE DE IMPRENTA) | |
| Lugar de publicación, distribución, etc. | Washington, DC : |
| Nombre del editor, distribuidor, etc. | World Resources Institute, |
| Fecha de publicación, distribución, etc. | 2005. |
| 300 ## - DESCRIPCION FISICA | |
| Extensión | v, 86 páginas : |
| Otros detalles físicos | gráficas, ilustraciones a color ; |
| Dimensiones | 28 x 22 cm. |
| 505 0# - NOTA DE CONTENIDO | |
| Nota de contenido | Resumen para responsables de tomar decisiones - Preguntas clave - Biodiversidad: ¿qué es, dónde está y por qué es importante? - ¿Por qué es la pérdida de biodiversidad es una preocupación? - ¿Cuáles son las tendencias y los impulsores de la pérdida de biodiversidad actuales? - ¿Cuál es el futuro de la biodiversidad y los servicios ecosistémicos bajo escenarios plausibles? - ¿Qué opciones de respuesta pueden conservar la biodiversidad y promover el bienestar humano? - ¿Cuáles son las perspectivas de reducción de la tasa de pérdida de biodiversidad para 2010 o más allá, y otras implicaciones para la convención sobre la diversidad biológica? |
| 650 #4 - ASIENTO SECUNDARIO DE MATERIA - TERMINO TEMATICO | |
| Término temático o nombre geográfico como elemento de entrada | Ecología humana. |
| 9 (RLIN) | 43737 |
| 650 #4 - ASIENTO SECUNDARIO DE MATERIA - TERMINO TEMATICO | |
| Término temático o nombre geográfico como elemento de entrada | Ecosistemas |
| Subdivisión general | Gestión |
| 9 (RLIN) | 43738 |
| 650 #6 - ASIENTO SECUNDARIO DE MATERIA - TERMINO TEMATICO | |
| Término temático o nombre geográfico como elemento de entrada | Biodiversidad |
| 9 (RLIN) | 92204 |
| 710 2# - ASIENTO SECUNDARIO - NOMBRE CORPORATIVO | |
| Nombre corporativo o de jurisdicción como elemento de entrada | World Resources Institute. |
| 9 (RLIN) | 3765 |
| 942 ## - ELEMENTOS ADICIONALES (KOHA) | |
| Sistema de clasificación | Dewey Decimal Classification |
| Tipo de ítem | Libro |
| Withdrawn status | Lost status | Sistema de Clasificación | Damaged status | No para préstamo | Colección | Inventariado | Ubicación Permanente | Ubicación actual | Fecha de adquisición | Fuente de Valor | Total Checkouts | Total Renewals | Número topográfico | Inventario / Código de Barras | Date last seen | Date checked out | Ejemplar | Price effective from | Forma de adquisición | Tipo de material |
|---|---|---|---|---|---|---|---|---|---|---|---|---|---|---|---|---|---|---|---|---|
| Dewey Decimal Classification | General | Inventariado 2017 | Bogotá | Bogotá | 08/05/2007 | Amazon | 2 | 1 | LB-333.9516 W92e | 024056 | 02/12/2015 | 04/12/2013 | Ej.1 | 04/12/2012 | Libro |